000 00504nam a2200181Ia 4500
001 11054
005 20260306161918.0
008 260306t2012||||xx |||||||||||||| ||spa||
041 _aESP
082 _a985.001
_bT74
100 _aTorres Arancivia, Eduardo
_eAUT
245 0 _aLa voz de nuestra historia:
_bel poder de la oratoria civil y religiosa en el Perú (siglos XVI-XIX)
260 _c2012
300 _a307 páginas :
_c22 cm.
650 _aGEN
654 _aCHU
942 _cLIB
_dJUS
_fJUS
_2ddc
_n
999 _c11054
_d11054